Scrabble Worst Capitals Quiz Stats

Quiz Updated May 8, 2017

Challenge
Share
Tweet
Embed
Score 0/38 Timer 06:00
0 Plays Today
% Correct
Paris
82.8%
London
79.9%
Rome
74.2%
Oslo
70.7%
Berlin
66.4%
Lima
63.6%
Cairo
62.6%
Lisbon
56.8%
Bern
51.7%
Seoul
42.4%
Riga
40.2%
Tunis
37.8%
Rabat
30.8%
Hanoi
30%
Algiers
26.8%
Sofia
25.2%
Suva
23.8%
Manila
23%
Lomé
22.6%
% Correct
Tallinn
21.4%
Sana'a
21.4%
Doha
21%
Apia
19.6%
Male
19.3%
Nassau
19%
Dili
19%
Taipei
18.5%
Beirut
17.4%
Astana
16.7%
Luanda
15.3%
Tirana
15.2%
Asmara
12.6%
Praia
11.5%
Roseau
10.7%
Yaren
10.2%
Bissau
9.8%
Maseru
9.6%
Moroni
8.2%

You're not logged in!

Compare scores with friends on all Sporcle quizzes.
Sign Up with Email
OR
Log In

You Might Also Like...

Show Comments

Extras

Top Quizzes Today


Score Distribution

Your Account Isn't Verified!

In order to create a playlist on Sporcle, you need to verify the email address you used during registration. Go to your Sporcle Settings to finish the process.